000 00454nam a2200181Ia 4500
001 9195
005 20260306160705.0
008 260306t1996||||xx |||||||||||||| ||spa||
041 _aESP
082 _a375.001
_bM16
100 _aMagendzo K, Abrahan
_eAUT
245 0 _aCurriculum, educación para la democracia en la modernidad
260 _c1996
300 _a309 páginas :
_c24 cm.
650 _aGEN
654 _aCED
942 _cLIB
_dJUS
_fJUS
_2ddc
_n
999 _c9195
_d9195